00939 2200313 4500001002100000005001500021035002000036007000300056008004100059020002200100040002200122082001200144084001400156090002200170100003300192245011000225250002300335300005100358500001100409650001700420700002700437850001200464264003100476336002100507337003000528338002300558999002200581990002200603INLIS00000000086164620210628104009 a0010-0621001181ta210628t2020 yoia g ind d a978-602-258-041-6 aYOPDYOGbindcrda04223a920 a920 AHM a aCB-D.11 2020-32490 aAhmad Syafii Maarifepenulis10aAhmad Syafii Maarif :bmemoar seorang anak kampung /cpenulis, Ahmad Syafii Maarif; penyunting, M. Nursam aEdisi revisi, 2020 axix, 538 halaman :bilustrasi, gambar ;c23 cm aindeks 4aAutobiografi1 aNursam, M.epenyunting aYOPDYOG31aYogyakarta :bOmbak,c2020 2rdacontentateks 2rdamediaatanpa perantara 2rdacarrieravolume aCB-D.11/2020-3249 aCB-D.11/2020-3249